000 01442cam a2200337 i 4500
001 56020
003 Mx-PuUPA
005 20220530112648.0
008 140415s2010 mx a fr 001 0 spa d
020 _a9786071503404
040 _aMx-PuUPA
_bspa
_cMx-PuUPA
_dMx-PuUPA
_erda
041 0 _aspa
245 0 0 _aHistología y biología celular /
_cTeresa I. Fortoul van der Goes, [editora] ; colaboradores, Severo Abraham Mancilla, Sandra Acevedo Nava, Patricia Alonso Viveros [y otros 27].
250 _aPrimera edición
264 1 _aMéxico :
_bMcGraw-Hill Interamericana,
_c©2010
300 _axvii, 307 páginas :
_bilustraciones ;
_c27 cm.
336 _2rdacontent
_atexto
_btxt
337 _2rdamedia
_asin medio
_bn
338 _2rdacarrier
_avolumen
_bnc
650 1 4 _aCitología
_xLibros de texto
_2armarc
650 1 4 _aHistología
_vLibros de texto
650 1 4 _aBiología celular
_vLibros de texto
700 1 _aFortoul van der Goes, Teresa,
_eeditor
_ecolaborador
_91323
700 1 _aAbraham Mancilla, Severo,
_ecolaborador
700 1 _aAcevedo Nava, Sandra,
_ecolaborador
700 1 _aAlonso Viveros, Patricia,
_ecolaborador
775 1 8 _iTambién disponible como (tercera edición)
_tHistología y biología celular.
_bTercera edición
_dMéxico : McGraw-Hill Interamericana, 2017.
_w(Mx-PuUPA) 68444
_z9786071514080
942 _2ddc
_cLI
_h611.018
_iH671
999 _c56020
_d56020